عرض عادي
عرض مارك
- Old age
مدخل مصطلح موضوعي
001 - رقم الضبط
- حقل الضبط: 7373
003 - معرف رقم الضبط
- حقل الضبط: OSt
005 - تاريخ ووقت أخر عملية
- حقل الضبط: 20111208114735.0
008 - عناصر بيانات ثابتة الطول
- حقل تحكم ثابت الطول: 111208|||a|||||| | ||| d
040 ## - مصدر الفهرسة
- هيئة الفهرسة الأصلية: OSt
- وكالة الكتابة: OSt
150 ## - مدخل-- مصطلح تاريخي
- عنصر مدخل المصطلح الموضوعي او الاسم الجغرافي: Old age
- تفريع عام: Philosophy.
670 ## - بيانات المصدر موجوده
- الاستشهاد بالمصدر: Work cat.: (OSt)20585: Small, Helen. 7372, The long life /, 2007.
